| 000 | 01011nam a2200313Ia 4500 | ||
|---|---|---|---|
| 001 | Z_808 | ||
| 003 | CHAP | ||
| 008 | 220113s1991 xx 000 0 und d | ||
| 010 | _a163902 | ||
| 040 | _cCHAP | ||
| 090 | _aTesis S 673 | ||
| 100 |
_aSantiago Mejía, Balbino Javier _9102370 |
||
| 245 |
_aEstudio comparativo de cuatro prostaglandinas comerciales para sincronizar el estro en vacas holstein / _cpor Balbino Javier Santiago Mejía y Juan Esparza Galván |
||
| 260 |
_aChapingo, Méx. : _bEl autor, _c1991 |
||
| 300 | _a52 h. | ||
| 502 | _aTesis (Ing. Agr. Esp. en Zootecnia) -- UACH. Departamento de Zootecnia | ||
| 650 |
_aCiclo estrual _923072 |
||
| 650 |
_aGanado Holstein _945133 |
||
| 650 |
_aGanado lechero _xFecundidad _945264 |
||
| 650 |
_aHormonas _xEfecto en animales domésticos _956236 |
||
| 650 |
_aProstaglandina _992434 |
||
| 700 |
_aEsparza Galván, Juan _937754 |
||
| 901 | _aTESIS S 673 | ||
| 902 | _aM | ||
| 910 | _a1991 | ||
| 942 | _c2 | ||
| 942 | _c2 | ||
| 999 |
_c163902 _d163902 |
||